000 00999cab a2200193 4500
001 ABS39651
008 090401t1987 xxu||||| |||| 00| 0 eng d
035 _a(Sirsi) u18018
041 _aeng
100 _aKlosterman, R.E.
245 _aPolitics of computer-aided planning
260 _c1987
350 _a0
490 _aTown Planning Review
_v58(4) October 1987, 441-451(11)
520 _aRecent advances in microcomputer technology have revived dreams that computers will revolutionise planning practice. Drawing on experience of previous attempts to incorporate computers in planning , this paper suggests that planners must recognise that computer models, analyses and information are inherently political and develop explicitly political processes of adversary modelling. It then suggests four guidelines which should guide current efforts to introduce computer technology into planning. (Journal abstract)
690 _aPLANNING LAW AND PRACTICE
942 _n0
948 _c04/03/1997
999 _c11949
_d11949